000 01709nam a2200229Ia 4500
003 Ost
005 20260507075657.0
008 260507s9999||||xx |||||||||||||| ||und||
040 _cfsecg
041 _aara
082 _a345.026
100 _aالعريان، محمد علي
_eمؤلف
245 0 _aعمليات غسل الأموال وآليات مكافحتها /
_c محمد علي العريان
260 _aالاسكندرية:
_bدار الجامعة الجديدة للنشر,
_c2005
300 _a612 صفحة؛
_bإيضاحات ؛
_c24 سم
504 _aالمراجع ص. 612
520 _aمفهوم ظاهرة غسل الأموال : الآليات الدولية وغسل الأموال، دور الاتفاقيات الدولية في مكافحة عمليات غسل الأموال، تحريم عمليات غسل الأموال وفقا للاتفاقيات الدولية، الأليات الوطنية وغسل الأموال، مكافحة عمليات غسل الأموال في التشريع الفرنسي، مكافحة عمليات غسل الأموال في الأنظمة القانونية الأخرى، مكافحة عمليات غسل الأموال في التشريع المصري رقم 80 لسنة 2002، التطور التشريعي لمكافحة عمليات غسل الأموال، البنيان القانوني لجريمة غسل الأموال، الجرائم الملحقة لجريمة غسل الأموال، وسائل مكافحة جريمة غسل الأموال.
653 _aالجرائم التجارية
653 _aجرائم الأموال
653 _aغسل الأموال- قوانين وتشريعات
942 _cكتاب
999 _c45720
_d45720